|
|
|
|
| LEADER |
00000nam a2200000 a 4500 |
| 001 |
vtls008938318 |
| 003 |
SK-MaSNL |
| 005 |
20260301210102.0 |
| 008 |
240318s1952 xr odale p 000 0 cze |
| 020 |
|
|
|q (brož.)
|
| 040 |
|
|
|a SNK
|b slo
|c SNK
|e AACR2
|
| 041 |
0 |
|
|a cze
|
| 044 |
|
|
|a xr
|c CZ
|
| 072 |
|
7 |
|a 621
|x Strojárstvo
|2 konspekt
|
| 080 |
|
|
|a 621.51
|2 2001
|
| 080 |
|
|
|a 62-136
|2 2001
|
| 080 |
|
|
|a 621.63
|2 2001
|
| 080 |
|
|
|a (075.3)
|2 2001
|
| 100 |
1 |
|
|a Chochola, Karel
|4 aut
|9 308371
|
| 245 |
1 |
0 |
|a Kompresory, dmychadla, ventilátory
|b učební text pro vyšší strojnické školy
|c Karel Chochola
|
| 250 |
|
|
|a 1. vyd.
|
| 260 |
|
|
|a Praha
|b Státní pedagogické nakladatelství
|c 1952
|
| 300 |
|
|
|a 118 s.
|b fotogr., grafy, ilustr., sch., tab.
|c 20 cm
|
| 504 |
|
|
|a Pozn.
|
| 650 |
0 |
7 |
|a kompresory
|2 SNKPH
|9 70312
|
| 650 |
0 |
7 |
|a lopatkové stroje
|2 SNKPH
|9 361390
|
| 650 |
0 |
7 |
|a ventilátory
|2 SNKPH
|9 74748
|
| 655 |
|
7 |
|a učebnice stredných škôl
|2 SNKPH
|9 69323
|
| 999 |
|
|
|c 912413
|d 914343
|
| 952 |
|
|
|a SNK
|b SNK
|y VYP
|7 0
|p 17A0536297
|o snkID 9056
|i snk4008/52
|8 3
|0 0
|1 0
|4 0
|d 2007-01-23
|l 0
|r 2026-02-24 07:48:10
|w 2026-02-24
|